| Tag |
First Indicator |
Second Indicator |
Subfields |
| LEADER |
00000cam a2200000 a 4500 |
| 001 |
in00001406474 |
| 005 |
20151020072716.0 |
| 008 |
900510m19899999sp 000 0 spa |
| 010 |
|
|
|a 90154470
|
| 020 |
|
|
|a 8487422004
|
| 035 |
|
|
|a (OCoLC)21594010
|
| 035 |
|
|
|9 AHQ3411AM
|
| 040 |
|
|
|a DLC
|c DLC
|d TXA
|d UtOrBLW
|
| 049 |
|
|
|a TXAM
|
| 050 |
0 |
0 |
|a PQ6668.U353
|b A6 1989
|
| 082 |
0 |
0 |
|a 861/.64
|2 20
|
| 100 |
1 |
|
|a Ruiz de Torres, Juan,
|d 1931-
|
| 240 |
1 |
0 |
|a Poems.
|k Selections
|
| 245 |
1 |
0 |
|a Poesía /
|c Juan Ruiz de Torres.
|
| 264 |
|
1 |
|a Madrid :
|b Altorrey,
|c 1989-
|
| 300 |
|
|
|a volumes ;
|c 22 cm.
|
| 336 |
|
|
|a text
|b txt
|2 rdacontent
|
| 337 |
|
|
|a unmediated
|b n
|2 rdamedia
|
| 338 |
|
|
|a volume
|b nc
|2 rdacarrier
|
| 490 |
1 |
|
|a APANTA ;
|v no. 1
|
| 505 |
1 |
|
|a v. 1. 1965-1979.
|
| 830 |
|
0 |
|a APANTA ;
|v no. 1.
|
| 948 |
|
|
|a c:pk
|
| 999 |
|
|
|a MARS
|
| 999 |
f |
f |
|s 308ba9be-71c9-326b-80dc-1ac5fc20c572
|i a8c06aea-8b0a-32ea-9754-90057e964cfb
|t 0
|
| 952 |
f |
f |
|p ric
|a Texas A&M University
|b Rellis Campus
|c Joint Library Facility
|s JLF
|d Remote Storage
|t 0
|e PQ6668.U353 A6 1989
|h Library of Congress classification
|i unmediated -- volume
|k v.1
|m A14823324763
|
| 998 |
f |
f |
|a PQ6668.U353 A6 1989
|s v.1
|t 0
|l Remote Storage
|